| 000 | 00948nam a22002417a 4500 | ||
|---|---|---|---|
| 001 | 1447 | ||
| 005 | 20230926140916.0 | ||
| 020 | _a9781445489872 | ||
| 040 |
_aFISKH _beng |
||
| 082 | _a823.92 | ||
| 100 | _aSaracino, Luciano | ||
| 245 |
_aThe Monster Diaries _cWritten by Luciano Saracino ; Illustrated by Poly Bernatene |
||
| 260 |
_aLondon : _bParragon, _c2012 |
||
| 300 |
_a30 unnumbered pages _c25 cm. |
||
| 505 | _aM | ||
| 520 | _a"Special memo from the Federation of Fright: Human children have run out of nightmares. There is a competition to find the Grisliest Ghoul. Top monsters willl study diary entries to determine the most fearsome fiend." Read the diary entries from witches, aliens, yetis, and more and find out who will win the grisliest ghoul competition! | ||
| 521 |
_a790
_bLexile estimate |
||
| 521 |
_aM
_bRaz-Plus estimate |
||
| 650 | _aMonsters | ||
| 650 | _aHalloween | ||
| 650 | _aHorror | ||
| 942 |
_2ddc _cBK _n0 |
||
| 999 |
_c1447 _d1447 |
||